Statistiques concernant Gares de l'Eure

Cliquez ici pour prendre le quiz!

Statistiques générales

  • Ce quiz a été pris 72 fois
    (68 depuis la dernière actualisation)
  • Le résultat moyen est 8 sur 17

Statistiques - réponses

Nombre de voyageursGares% Correct
1 089 292Evreux Normandie
90%
1 690 478Vernon - Giverny
85%
447 200Bernay
73%
478 731Val de Reuil
69%
492 341Gaillon - Aubevoye
65%
28 468Serquigny
60%
790 312Gisors
54%
7 213Pont de l'Arche
44%
96 123Conches
35%
9 516Brionne
31%
113 559Verneuil sur Avre
27%
1 534Bourgtheroulde - Thuit Hébert
25%
103 373Bueil
25%
6 705La Bonneville sur Iton
23%
13 543Beaumont le Roger
21%
9 831Nonancourt
17%
11 751Romilly la Puthenaye
15%

Distribution des résultats

Percentile par nombre de réponses

% des personnes avec chaque résultat

Votre développement - résultats

Vous n’avez pas pris ce quiz depuis la dernière actualisation